000 00966nac a22002897a 4500
001 BR8302802
003 BR-BrBNA
005 20240105115735.0
008 230509b bl.|||m| |||| 00| 0 por d
040 _aBR-BrBNA
_bpor
_cBiblioteca Nacional de Agricultura
072 _aE30; E10; E15
090 _aE30 BR8302802
110 1 _aBanco de Desenvolvimento do Estado do Maranhao S.A., Sao Luis (Brasil)
_91087
245 1 _aRelatorio anual - 1982 [Banco de Desenvolvimento do Estado do Maranhao S.A., Brasil]
260 3 _aSao Luis, MA (Brasil):
_c1983.
300 _a56 p.
490 _aRelatorio - Banco de Desenvolvimento do Estado do Maranhao S.A. (Brazil)
_v
_x
650 _aPROJETO DE DESENVOLVIMENTO
650 _aDESENVOLVIMENTO ECONOMICO
650 _aANALISE ECONOMICA
650 _aFINANCIAMENTO
650 _aRECEITA
650 _aDESPESA
650 _aMARANHAO
909 _a202312
_bLúcia Elande
_c55
_dLúcia Elande
942 _2AGRIS
_n0
_cMS
999 _c276177
_d276177